1629 1531 1747 1407 1176 1492 1771 1162 1946 1180 1160 1158 1943 1173 1075 1391 1938 1170 1046 1981 1634 1067 1359 1248 1188 1782 1850 1831 1713 1823 1546 1493 1135 1166 1240 1405 1621 1278 1702 1284 1955 1238 1007 1596 1072 1509 1632 1101 1664 1951 1416 1778 1829 1016 1582 1421 1367 1340 1729 1094 1355 1419 1605 1755 1790 1172 1060 1242 1005 1419 1558 1123 1500 1299 1401 1029 1998 1743 1970 1871 1202 1965 1994 1152 1464 1586 1412 1948 1174 1139 1642 1330 1617 1240 1570 1345 1153 1036 1516 BCNSPRNW ULIB Ver.6.0+V

เปลี่ยนเป็นภาษาไทย

Change to English
 แสดงรายละเอียดบรรณานุกรม
  กลับหน้าหลัก

Brief Record : Get Marc (ISO 2709) : E-mail record : QR code < ปิดหน้าต่าง
LEADER : 00000nam 2200000uu 4500
001    13399129113
003     ULIB
008    020711s2025 th a 000 0 eng d
020    ^a9781975236069
060    ^aQZ4^bT398P
100    ^aTheresa Capriotti
245    ^aPathophysiology Made Incredibly Easy
250    ^a7th ed
260    ^aPhiladelphia :^bWolters Kluwer,^c2025
300    ^a548 pages;^c26 cm
650    ^aPathophysiology
945    ^p1989^l0^i011871
999    ^aประนอม เกษจรัล
รายการนี้ยังไม่มีแท็ก
คุณยังไม่ได้ล็อกอิน คุณสามารถมีกิจกรรมร่วมกับเว็บไซต์ได้ แต่ต้องล็อกอินก่อน ::
  ล็อกอิน

รายการสื่อสารสนเทศ

ลำดับที่ ประเภท เลขเรียก/บาร์โค้ด สถานที่ สถานะ
1. วิทยาศาสตร์การแพทย์ และสุขภาพ
หนังสือสำรอง
สถานะ=หนังสือสำรอง
QZ4 T398P ฉ.1 
  Barcode: 011871
ห้องสมุดวิทยาเขตสวรรค์ประชารักษ์
►หนังสือทั่วไป
บนชั้น

รายการใกล้เคียง
    ชื่อเรื่อง [Pathophysiology Made Incredibly Easy]

    หัวเรื่อง [Pathophysiology]

BibComment


ยังไม่เคยถูกคอมเมนท์

คอมเมนท์ทรัพยากรรายการนี้
  คอมเมนท์: Pathophysiology ..


 Copyright 2026. Bcnsprnw @Library